<?xml version="1.0" encoding="UTF-8"?>
<record
    xmlns:xsi="http://www.w3.org/2001/XMLSchema-instance"
    xsi:schemaLocation="http://www.loc.gov/MARC21/slim http://www.loc.gov/standards/marcxml/schema/MARC21slim.xsd"
    xmlns="http://www.loc.gov/MARC21/slim">

  <leader>03355cam a22003614a 4500</leader>
  <datafield tag="999" ind1=" " ind2=" ">
    <subfield code="c">26452</subfield>
    <subfield code="d">26452</subfield>
  </datafield>
  <controlfield tag="001">16120657</controlfield>
  <controlfield tag="003">OSt</controlfield>
  <controlfield tag="005">20170204115946.0</controlfield>
  <controlfield tag="008">100305s2010    nyua     b    001 0 eng  </controlfield>
  <datafield tag="010" ind1=" " ind2=" ">
    <subfield code="a">  2010009546</subfield>
  </datafield>
  <datafield tag="020" ind1=" " ind2=" ">
    <subfield code="a">9780521769044 (hardback)</subfield>
  </datafield>
  <datafield tag="020" ind1=" " ind2=" ">
    <subfield code="a">0521769043 (hardback)</subfield>
  </datafield>
  <datafield tag="035" ind1=" " ind2=" ">
    <subfield code="a">(OCoLC)ocn544474666</subfield>
  </datafield>
  <datafield tag="040" ind1=" " ind2=" ">
    <subfield code="a">DLC</subfield>
    <subfield code="c">DLC</subfield>
    <subfield code="d">YDX</subfield>
    <subfield code="d">YDXCP</subfield>
    <subfield code="d">ERASA</subfield>
    <subfield code="d">CDX</subfield>
    <subfield code="d">UTO</subfield>
    <subfield code="d">DLC</subfield>
  </datafield>
  <datafield tag="042" ind1=" " ind2=" ">
    <subfield code="a">pcc</subfield>
  </datafield>
  <datafield tag="043" ind1=" " ind2=" ">
    <subfield code="a">e-gr---</subfield>
  </datafield>
  <datafield tag="050" ind1="0" ind2="0">
    <subfield code="a">N5633</subfield>
    <subfield code="b">.C64 2010</subfield>
  </datafield>
  <datafield tag="082" ind1="0" ind2="0">
    <subfield code="a">709.38</subfield>
    <subfield code="2">22</subfield>
  </datafield>
  <datafield tag="100" ind1="1" ind2=" ">
    <subfield code="a">Cohen, Ada.</subfield>
  </datafield>
  <datafield tag="245" ind1="1" ind2="0">
    <subfield code="a">Art in the era of Alexander the Great :</subfield>
    <subfield code="b">paradigms of manhood and their cultural traditions /</subfield>
    <subfield code="c">Ada Cohen.</subfield>
  </datafield>
  <datafield tag="260" ind1=" " ind2=" ">
    <subfield code="a">New York :</subfield>
    <subfield code="b">Cambridge University Press,</subfield>
    <subfield code="c">2010.</subfield>
  </datafield>
  <datafield tag="300" ind1=" " ind2=" ">
    <subfield code="a">xxiii, 398 p. :</subfield>
    <subfield code="b">ill. ;</subfield>
    <subfield code="c">27 cm.</subfield>
  </datafield>
  <datafield tag="504" ind1=" " ind2=" ">
    <subfield code="a">Includes bibliographical references and index.</subfield>
  </datafield>
  <datafield tag="505" ind1="0" ind2=" ">
    <subfield code="a">Introduction: themes and issues -- Figural mosaics in the House of the Abduction of Helen at Pella: three themes -- Master of lions (and other animals) -- War as hunt, hunt as war -- Rape as hunt, hunt as rape? -- Rape as war, war as rape? -- Abduction and femininity -- Hunt and masculinity -- Epilogue: fixing the pose.</subfield>
  </datafield>
  <datafield tag="520" ind1=" " ind2=" ">
    <subfield code="a">"In this book, Ada Cohen focuses on art produced in Macedonia during the late Classical and early Hellenistic period, which coincides with the reigns of Philip II, his famous son Alexander the Great, and their immediate successors. Although inspired by traditional Greek themes and ideals, this body of artwork articulated specifically Macedonian aspirations. Cohen focuses on three key "masculine" themes - warfare, hunting, and abduction of women - exploring their visual and conceptual interconnections. She demonstrates their preoccupation with the visual celebration of violence and studies the analogies they draw among the ideological categories of "enemy," "animal," and "woman." Simultaneously historical and thematic, Cohen's text is structured around select paintings and mosaics from northern Greek sites, such as Pella and Vergina, and from both secular and funerary contexts. She also examines monuments from other ancient contexts and in other media to illuminate specific questions of style, theme, and meaning"--Provided by publisher.</subfield>
  </datafield>
  <datafield tag="520" ind1=" " ind2=" ">
    <subfield code="a">"Simultaneously historical and thematic, this book studies an important period in Greek art, the late Classical and earely Hellenistic, especially the reigns of Philip II, his famous son Alexander the Great, and their successors. It focuses on the three traditionally "masculine" themes of warfare, hunting, and the abduction of women. All three show a preoccupation with the pictorial celebration of violence and draw analogies among the ideological categories "enemy," "animal," and "women." The book explores the ways in which masculine and feminine identities were usually constructed and communicated"--Provided by publisher.</subfield>
  </datafield>
  <datafield tag="650" ind1=" " ind2="0">
    <subfield code="a">Art, Greek</subfield>
    <subfield code="x">Themes, motives.</subfield>
  </datafield>
  <datafield tag="650" ind1=" " ind2="0">
    <subfield code="a">Masculinity in art.</subfield>
  </datafield>
  <datafield tag="650" ind1=" " ind2="0">
    <subfield code="a">Femininity in art.</subfield>
  </datafield>
  <datafield tag="650" ind1=" " ind2="0">
    <subfield code="a">Identity (Psychology) in art.</subfield>
  </datafield>
  <datafield tag="906" ind1=" " ind2=" ">
    <subfield code="a">7</subfield>
    <subfield code="b">cbc</subfield>
    <subfield code="c">orignew</subfield>
    <subfield code="d">1</subfield>
    <subfield code="e">ecip</subfield>
    <subfield code="f">20</subfield>
    <subfield code="g">y-gencatlg</subfield>
  </datafield>
  <datafield tag="942" ind1=" " ind2=" ">
    <subfield code="2">lcc</subfield>
    <subfield code="c">BOOKS</subfield>
    <subfield code="h">N 5633 .C64 2010</subfield>
  </datafield>
  <datafield tag="952" ind1=" " ind2=" ">
    <subfield code="0">0</subfield>
    <subfield code="1">0</subfield>
    <subfield code="2">lcc</subfield>
    <subfield code="4">0</subfield>
    <subfield code="7">0</subfield>
    <subfield code="a">MUC</subfield>
    <subfield code="b">MUC</subfield>
    <subfield code="c">TECH</subfield>
    <subfield code="d">2017-02-04</subfield>
    <subfield code="e">Donation(B.F.A)</subfield>
    <subfield code="l">0</subfield>
    <subfield code="o">N 5633 .C64 2010</subfield>
    <subfield code="p">34188</subfield>
    <subfield code="r">2018-06-08</subfield>
    <subfield code="w">2017-02-04</subfield>
    <subfield code="y">BOOKS</subfield>
  </datafield>
</record>
